Normal view
MARC view
- تاليف: كوستللو، ف.ف ؛ ترجمة: ابو بكر باقادر؛ صياغة: هاني يحيى نصري
Entry Personal Name
001 - CONTROL NUMBER
- control field: 15130
003 - CONTROL NUMBER IDENTIFIER
- control field: JO-AjAnu
005 - DATE AND TIME OF LATEST TRANSACTION
- control field: 20230606072720.0
008 - FIXED-LENGTH DATA ELEMENTS
- fixed length control field: 230606|| aca||aabn | a|a d
040 ## - CATALOGING SOURCE
- Original cataloging agency: JO-AjAnu
- Transcribing agency: JO-AjAnu
100 ## - HEADING--PERSONAL NAME
- Personal name: تاليف: كوستللو، ف.ف ؛ ترجمة: ابو بكر باقادر؛ صياغة: هاني يحيى نصري
670 ## - SOURCE DATA FOUND
- Source citation: Work cat.: (JO-AjAnu)7769: تاليف: كوستللو، ف.ف ؛ ترجمة: ابو بكر باقادر؛ صياغة: هاني يحيى نصري, author, علم الاجتماع الحضري: التمدين في الشرق الاوسط